000 00605nam a2200217 i 4500
001 9787
003 ES-MaACL
005 20231213165331.0
007 t|
008 940110s1993 sp ||||1| spa d
020 _a84-7731-160-9
080 _a86-14"19"
080 _a86(Mansilla,F.7 G.01)
100 1 _aMansilla, Fernando,
_d1951-
_976119
245 1 0 _aGotas de tiempo /
_cFernando Mansilla.
260 _aMadrid :
_bEndymión,
_cD.L.1993.
300 _a35 p. ;
_c20 cm.
852 _aES-MaACL
_j2144-F-24
_bR.122417
852 _aES-MaACL
_j2144-F-23
_bR.122416
999 _c9787
_d9787